অপেক্ষা /

Bibliographic Details
Main Author: আহমেদ, হুমায়ুন
Format: Book
Language:Bengali
Published: ঢাকা : আফসার ব্রাদার্স, ২০১৭ [চব্বিশতম মুদ্রণ]; ১৯৯৭ [সাইত্রিশতম মুদ্রণ ২০২৫].
Subjects:
Classic Catalogue: View this record in Classic Catalogue
LEADER 02956nam a2200337 a 4500
001 31717
003 BD-DhAAL
005 20251105155858.0
008 190109r20252017bg ||||| |||| 00| 1 ben d
020 |a 9847016600173 
040 |a BD-DhAAL  |c BD-DhAAL 
041 |a ben 
082 |a 891.44371  |2 23 
100 |a আহমেদ, হুমায়ুন.  |9 21693 
245 |a অপেক্ষা /  |c হুমায়ুন আহমেদ. 
246 |a Opekkha 
260 |a ঢাকা :  |b আফসার ব্রাদার্স,  |c ২০১৭ [চব্বিশতম মুদ্রণ];  |c ১৯৯৭ [সাইত্রিশতম মুদ্রণ ২০২৫]. 
300 |a ২১৯ পৃষ্ঠা,  |a ২১৫ পৃষ্ঠা ;  |c ২২ সে.মি. 
526 |a AAL   |x Ayesha Abed Library, BRAC University 
541 |a Hye Trade International  |e 31717, 31718, 44864, 44865, 44866, 44867, 44868, 44869 
650 |a Bengali fiction  |z Bangladesh.  |9 21694 
852 |a Ayesha Abed Library  |c General Stacks 
942 |2 ddc  |c BK 
999 |c 38027  |d 38027 
952 |0 0  |1 0  |2 ddc  |4 0  |6 891_443710000000000_AHM  |7 0  |8 FIC  |9 60747  |a BRACUL  |b BRACUL  |c GEN  |d 2017-05-22  |e Development Book Agency  |g 260.00  |l 42  |m 173  |o 891.44371 AHM  |p 3010031717  |q 2026-06-02  |r 2026-04-26  |s 2026-04-26  |t 1  |v 260.00  |w 2017-05-22  |y BK 
952 |0 0  |1 4  |2 ddc  |4 0  |6 891_443710000000000_AHM  |7 0  |8 FIC  |9 60748  |a BRACUL  |b BRACUL  |c GEN  |d 2017-05-22  |e Development Book Agency  |g 260.00  |l 5  |m 22  |o 891.44371 AHM  |p 3010031718  |r 2018-01-02  |s 2017-09-17  |t 2  |v 260.00  |w 2017-05-22  |y BK  |x Koha Inventory 2020 
952 |0 0  |1 0  |2 ddc  |4 0  |6 891_443710000000000_AHM  |7 0  |9 78268  |a BRACUL  |b BRACUL  |c GEN  |d 2025-09-23  |e Hye Trade International  |g 316.00  |l 2  |m 24  |o 891.44371 AHM  |p 3010044866  |q 2026-06-02  |r 2026-04-08  |s 2026-04-08  |t 5  |v 632.00  |w 2025-09-23  |y BK  |x Requisitioned by Ayesha Abed Library, BRAC University. 
952 |0 0  |1 0  |2 ddc  |4 0  |6 891_443710000000000_AHM  |7 0  |9 78269  |a BRACUL  |b BRACUL  |c GEN  |d 2025-09-23  |e Hye Trade International  |g 316.00  |l 4  |m 25  |o 891.44371 AHM  |p 3010044868  |q 2026-06-02  |r 2026-02-02  |s 2026-02-02  |t 7  |v 632.00  |w 2025-09-23  |y BK  |x Requisitioned by Ayesha Abed Library, BRAC University. 
952 |0 0  |1 0  |2 ddc  |4 0  |6 891_443710000000000_AHM  |7 0  |9 78270  |a BRACUL  |b BRACUL  |c GEN  |d 2025-09-23  |e Hye Trade International  |g 316.00  |l 5  |m 21  |o 891.44371 AHM  |p 3010044865  |q 2026-05-19  |r 2026-03-05  |s 2026-03-05  |t 4  |v 632.00  |w 2025-09-23  |y BK  |x Requisitioned by Ayesha Abed Library, BRAC University. 
952 |0 0  |1 0  |2 ddc  |4 0  |6 891_443710000000000_AHM  |7 0  |9 78271  |a BRACUL  |b BRACUL  |c GEN  |d 2025-09-23  |e Hye Trade International  |g 316.00  |l 5  |m 27  |o 891.44371 AHM  |p 3010044867  |q 2026-06-02  |r 2026-02-01  |s 2026-02-01  |t 6  |v 632.00  |w 2025-09-23  |y BK  |x Requisitioned by Ayesha Abed Library, BRAC University. 
952 |0 0  |1 0  |2 ddc  |4 0  |6 891_443710000000000_AHM  |7 0  |9 78272  |a BRACUL  |b BRACUL  |c GEN  |d 2025-09-23  |e Hye Trade International  |g 316.00  |l 2  |m 30  |o 891.44371 AHM  |p 3010044864  |q 2026-06-02  |r 2026-05-21  |s 2026-05-21  |t 3  |v 632.00  |w 2025-09-23  |y BK  |x Requisitioned by Ayesha Abed Library, BRAC University.